Hybrid ventures /

Bibliographic Details
Main Author: Katz, Jerome A., (Author)
Other Authors: Corbett, Andrew C., (Editor)
Format: eBook
Language:English
Published: Bingley, England : Emerald Publishing, 2018.
Series:Advances in entrepreneurship, firm emergence and growth ; Volume 19.
Subjects:
Online Access:Click to View
LEADER 01915nam a2200433 i 4500
001 EBC5116699
003 MiAaPQ
005 20200520144314.0
006 m o d |
007 cr cnu||||||||
008 171206t20182018enka ob 001 0 eng d
020 |z 9781787430785 
020 |a 9781787430778 (e-book) 
035 |a (MiAaPQ)EBC5116699 
035 |a (Au-PeEL)EBL5116699 
035 |a (CaPaEBR)ebr11466091 
035 |a (OCoLC)1012227400 
040 |a MiAaPQ  |b eng  |e rda  |e pn  |c MiAaPQ  |d MiAaPQ 
050 4 |a HB615  |b .H937 2018 
082 0 |a 658.421  |2 23 
245 0 0 |a Hybrid ventures /  |c edited by Andrew C. Corbett, Jerome A. Katz. 
264 1 |a Bingley, England :  |b Emerald Publishing,  |c 2018. 
264 4 |c 2018 
300 |a 1 online resource (253 pages) :  |b illustrations, tables, graphs. 
336 |a text  |2 rdacontent 
337 |a computer  |2 rdamedia 
338 |a online resource  |2 rdacarrier 
490 1 |a Advances in Entrepreneurship, Firm Emergence and Growth, ;  |v Volume 19 
504 |a Includes bibliographical references at the end of each chapters and index. 
588 |a Description based on online resource; title from PDF title page (EBC, viewed December 6, 2017). 
590 |a Electronic reproduction. Ann Arbor, MI : ProQuest, 2016. Available via World Wide Web. Access may be limited to ProQuest affiliated libraries. 
650 0 |a Entrepreneurship. 
655 4 |a Electronic books. 
700 1 |a Corbett, Andrew C.,  |e editor. 
700 1 |a Katz, Jerome A.,  |e author. 
776 0 8 |i Print version:  |t Hybrid ventures.  |d Bingley, England : Emerald Publishing, c2018   |h xv, 236 pages   |k Advances in entrepreneurship, firm emergence and growth ; Volume 19.  |z 9781787430785 
797 2 |a ProQuest (Firm) 
830 0 |a Advances in entrepreneurship, firm emergence and growth ;  |v Volume 19. 
856 4 0 |u https://ebookcentral.proquest.com/lib/matrademy/detail.action?docID=5116699  |z Click to View